000 00696nam a2200205Ia 4500
001 b2618-23862 [2679]
003 IT-MiCISF
008 161014s9999||||xx |||||||||||||| ||und||
040 _aIT-MiCISF
_cIT-MiCISF
041 _ait
100 _aBurke Cormac
245 0 _aLa felicità coniugale
250 _a1a ed.
260 _a Milano
_bAres
_c1991 [Edizione originale: 1990]
300 _app. 206
500 _a / matrimonio, amore, coniugi, fede, famiglia, contraccezione, sessualità, divorzio, figli-divorzio, educazione-morale, giovani, ideali, rapporti-genitori-figli, società, aborto, pastorale-familiare /
650 _amatrimonio
942 _cBK
957 _71
999 _a23862
_bsi
_g1
_c214837
_d214837